Optika i atomnaja fizika
Gespeichert in:
| Format: | Buch |
|---|---|
| Sprache: | Russisch |
| Veröffentlicht: |
Novosibirsk :
Nauka,
1983
|
| Ausgabe: | 2.izd.pereb.i dopol. |
| Schlagworte: | |
| Tags: |
Keine Tags, Fügen Sie das erste Tag hinzu!
|
MARC
| LEADER | 00000nam a22000003a 4500 | ||
|---|---|---|---|
| 001 | stu86439 | ||
| 005 | 20141121203613.4 | ||
| 008 | 040428s1983------------------------rus-d | ||
| 040 | |a STU |b slo | ||
| 041 | 0 | |a rus | |
| 080 | |a 535 |7 stu_us_auth*stu16839 | ||
| 080 | |a 539.1 | ||
| 245 | |a Optika i atomnaja fizika | ||
| 250 | |a 2.izd.pereb.i dopol. | ||
| 260 | |a Novosibirsk : |b Nauka, |c 1983 | ||
| 300 | |a 380 s | ||
| 650 | 7 | |a jadrová fyzika |2 stusub | |
| 650 | 7 | |a atómová fyzika |2 stusub | |
| 650 | 7 | |a atómová energetika |2 stusub | |
| 996 | |b E52717 |c E*52717 |l EE10 |s P |a 0 |w stu86439_0001 | ||